000 00456nam a2200205Ia 4500
001 11927
003 GE_BSU
008 181216s||||||||xx |||||||||||||| ||und||
020 _a00064931157
040 _cGE_BSU
080 _a821.111-312.4
100 _aPatterson,James
245 _aKiss The Girls.
260 _aLondon
260 _bHarper Collins publishers.
260 _c1995.
300 _a451p;18cm.
653 _aKiss The Girls.
942 _cBK
999 _c45104
_d45104